[Event "HUN-chT 1920"]
[Site "Hungary"]
[Date "2020.08.30"]
[Round "8.8"]
[White "Galyas, Miklos"]
[Black "Hando, Vilmos"]
[Result "1-0"]
[WhiteElo "2478"]
[BlackElo "2379"]
[PlyCount "80"]
[EventDate "2019.11.16"]
[EventType "team-tourn"]
[EventRounds "9"]
[EventCountry "HUN"]
[SourceTitle "EXT 2021"]
[Source "ChessBase"]
[SourceDate "2020.10.23"]
[SourceVersion "1"]
[SourceVersionDate "2020.10.23"]
[SourceQuality "1"]
[WhiteTeam "Aquaprofit"]
[BlackTeam "DVTK"]
[WhiteTeamCountry "HUN"]
[BlackTeamCountry "HUN"]

1. c4 Nf6 2. g3 g6 3. Bg2 Bg7 4. Nc3 0-0 5. d4 d6 6. Nf3 Nc6 7. 0-0 a6 8. b3 Rb8 9. d5 Na5 10. Bg5 c5 11. dxc6 bxc6 12. Qd2 c5 13. Bh6 Bb7 14. Bxg7 Kxg7 15. Rad1 Qb6 16. Rfe1 Rbd8 17. Qc1 Rfe8 18. e4 e6 19. Qa1 e5 20. Nd5 Bxd5 21. exd5 Kg8 22. Nd2 Rd7 23. f4 Rde7 24. fxe5 Rxe5 25. Rxe5 dxe5 26. Rf1 Re7 27. Qc3 Nb7 28. Qe3 Ne8 29. Ne4 f5 30. Ng5 Qd6 31. g4 f4 32. Qd3 Nf6 33. h3 Nd8 34. Be4 Ne8 35. Re1 Kg7 36. Qc3 Nf7 37. Ne6+ Rxe6 38. dxe6 Ng5 39. Bd5 Nf6 40. Qxe5 Nxh3+ 1-0

[Event "Budapest Spring op"]
[Site "Budapest"]
[Date "2019.04.13"]
[Round "5"]
[White "Hakobyan, Aram"]
[Black "Hando, Vilmos"]
[Result "1-0"]
[WhiteElo "2554"]
[BlackElo "2382"]
[PlyCount "171"]
[EventDate "2019.04.09"]
[EventType "swiss"]
[EventRounds "9"]
[EventCountry "HUN"]
[SourceTitle "CBM 190 Extra"]
[Source "ChessBase"]
[SourceDate "2019.07.15"]
[SourceVersion "1"]
[SourceVersionDate "2019.07.15"]
[SourceQuality "1"]

1. e4 c6 2. d4 d5 3. Nc3 dxe4 4. Nxe4 Bf5 5. Ng3 Bg6 6. Nf3 Nd7 7. h4 h6 8. h5 Bh7 9. Bd3 Bxd3 10. Qxd3 e6 11. Bd2 Ngf6 12. 0-0-0 a5 13. Kb1 Bb4 14. Bc1 a4 15. a3 Be7 16. Qe2 b5 17. Ne5 Qb6 18. Ne4 b4 19. axb4 Bxb4 20. Ka2 Be7 21. Nxd7 Nxd7 22. Rh3 Qa6 23. Qxa6 Rxa6 24. g4 Nf6 25. Nxf6+ Bxf6 26. f4 Be7 27. c4 Kd7 28. c5 Raa8 29. Ra3 Rhg8 30. g5 g6 31. hxg6 Rxg6 32. f5 exf5 33. gxh6 Bg5 34. Bxg5 Rxg5 35. Rh1 f4 36. Rh4 Rf5 37. Rf3 Rh8 38. Rhxf4 Rxf4 39. Rxf4 Rxh6 40. Rxf7+ Ke6 41. Ra7 Kd5 42. Rxa4 Rh4 43. Ka3 Rh3+ 44. b3 Rc3 45. Kb2 Rd3 46. Rb4 Rh3 47. Rc4 Rd3 48. Ka3 Rd1 49. Rb4 Ra1+ 50. Kb2 Rd1 51. Kc3 Rc1+ 52. Kd2 Rh1 53. Ra4 Rh4 54. Kc3 Rh3+ 55. Kb2 Rh2+ 56. Ka3 Rd2 57. Rc4 Rd3 58. Ka4 Rh3 59. Rb4 Rh8 60. Ka3 Rh4 61. Ra4 Rg4 62. Rc4 Rg8 63. Rb4 Rc8 64. Ra4 Rc7 65. Kb2 Rh7 66. Kc3 Rh3+ 67. Kb4 Rd3 68. Ka3 Rh3 69. Ra8 Kxd4 70. Kb4 Rh6 71. Rd8+ Ke5 72. Ka5 Rh3 73. b4 Ra3+ 74. Kb6 Rb3 75. Kxc6 Rxb4 76. Re8+ Kf6 77. Kc7 Kf7 78. Re2 Rc4 79. c6 Rc1 80. Kd7 Rd1+ 81. Kc8 Rc1 82. c7 Rc3 83. Rb2 Ke7 84. Kb8 Kd7 85. Rd2+ Ke7 86. c8Q 1-0

[Event "HUN-chT2 Maroczy 1819"]
[Site "Hungary"]
[Date "2019.01.27"]
[Round "6.2"]
[White "Nemeth, Zoltan"]
[Black "Hando, Vilmos"]
[Result "0-1"]
[WhiteElo "2265"]
[BlackElo "2385"]
[PlyCount "80"]
[EventDate "2018.09.23"]
[EventType "team-tourn"]
[EventRounds "11"]
[EventCountry "HUN"]
[SourceTitle "EXT 2020"]
[Source "ChessBase"]
[SourceDate "2019.10.17"]
[SourceVersion "1"]
[SourceVersionDate "2019.10.17"]
[SourceQuality "1"]
[WhiteTeam "Taban Spartacus"]
[BlackTeam "Lillafured DVTK II"]
[WhiteTeamCountry "HUN"]
[BlackTeamCountry "HUN"]

1. d4 Nf6 2. Bf4 g6 3. e3 Bg7 4. Nf3 d6 5. Be2 0-0 6. h3 b6 7. 0-0 Bb7 8. a4 a5 9. c4 Na6 10. Nc3 Ne4 11. Qb3 Nxc3 12. bxc3 Qc8 13. Rfd1 Re8 14. Bg3 Rb8 15. h4 h6 16. h5 g5 17. Qb5 Ra8 18. Nxg5 hxg5 19. Qxg5 Qe6 20. Bf4 Kh8 21. h6 Bf6 22. Qh5 Rg8 23. f3 Bc8 24. g4 Qf5 25. Qh2 Bg5 26. Bd3 Qf6 27. Kf2 Bb7 28. Rh1 Rae8 29. Qg3 e5 30. Bxg5 Rxg5 31. Bf5 Reg8 32. Qh4 Bxf3 33. Kxf3 Rxf5+ 34. Ke4 Rfg5 35. Kd3 Qg6+ 36. e4 Rxg4 37. Qe1 exd4 38. h7 Re8 39. Rh4 Qxe4+ 40. Qxe4 Nc5+ 0-1

[Event "HUN-chT 1718"]
[Site "Hungary"]
[Date "2018.02.18"]
[Round "6.11"]
[White "Juhasz, Barbara"]
[Black "Hando, Vilmos"]
[Result "1-0"]
[WhiteElo "2190"]
[BlackElo "2400"]
[PlyCount "69"]
[EventDate "2017.11.25"]
[EventType "team-tourn"]
[EventRounds "9"]
[EventCountry "HUN"]
[SourceTitle "EXT 2019"]
[Source "ChessBase"]
[SourceDate "2018.10.10"]
[SourceVersion "1"]
[SourceVersionDate "2018.10.10"]
[SourceQuality "1"]
[WhiteTeam "Mako Duocor"]
[BlackTeam "DVTK"]
[WhiteTeamCountry "HUN"]
[BlackTeamCountry "HUN"]

1. e4 c5 2. Nf3 e6 3. d3 d5 4. Nbd2 Nf6 5. g3 Be7 6. Bg2 Nc6 7. 0-0 0-0 8. Re1 b5 9. e5 Nd7 10. Nf1 a5 11. h4 a4 12. a3 b4 13. N1h2 Nb6 14. Bf4 d4 15. Ng5 Nd5 16. Qh5 h6 17. Ng4 hxg5 18. hxg5 g6 19. Qh6 Nxf4 20. gxf4 Nxe5 21. Nxe5 Ra7 22. Be4 Bd6 23. Nc6 Qc7 24. Nxa7 Qxa7 25. Kg2 f5 26. gxf6 Rxf6 27. Rh1 Qg7 28. Qxg7+ Kxg7 29. axb4 Bd7 30. bxc5 Bxc5 31. Rh4 Be8 32. Rah1 a3 33. Rh7+ Kf8 34. Rc7 Be7 35. Rh8+ 1-0

[Event "HUN-chT 1617"]
[Site "Hungary"]
[Date "2017.01.29"]
[Round "5.11"]
[White "Hando, Vilmos"]
[Black "Videki, Sandor"]
[Result "1/2-1/2"]
[WhiteElo "2347"]
[BlackElo "2421"]
[PlyCount "56"]
[EventDate "2016.10.30"]
[EventType "team-tourn"]
[EventRounds "9"]
[EventCountry "HUN"]
[SourceTitle "EXT 2018"]
[Source "ChessBase"]
[SourceDate "2017.10.13"]
[SourceVersion "1"]
[SourceVersionDate "2017.10.13"]
[SourceQuality "1"]
[WhiteTeam "DVTK"]
[BlackTeam "Paks"]
[WhiteTeamCountry "HUN"]
[BlackTeamCountry "HUN"]

1. d4 d5 2. c4 e6 3. Nc3 c6 4. e3 Nf6 5. Nf3 Nbd7 6. Qc2 Bd6 7. g4 h6 8. Bd2 Qe7 9. Rg1 dxc4 10. Bxc4 b5 11. Bd3 Bb7 12. e4 b4 13. Na4 c5 14. dxc5 Bxc5 15. Nxc5 Nxc5 16. Bb5+ Kf8 17. Bxb4 Nfxe4 18. Nd2 Rc8 19. Nxe4 Bxe4 20. Qxe4 Nxe4 21. Bxe7+ Kxe7 22. Bd3 Nc5 23. Bc2 Rhd8 24. Ke2 Nd7 25. Rac1 Nf6 26. f3 Rb8 27. b3 Nd5 28. Be4 Rd7 1/2-1/2

[Event "HUN-chT2 Barcza 1516"]
[Site "Hungary"]
[Date "2015.10.18"]
[Round "3.1"]
[White "Varga, Peter"]
[Black "Hando, Vilmos"]
[Result "1-0"]
[WhiteElo "2407"]
[BlackElo "2298"]
[PlyCount "75"]
[EventDate "2015.09.13"]
[EventType "team-tourn"]
[EventRounds "11"]
[EventCountry "HUN"]
[SourceTitle "CBM 170 Extra"]
[Source "ChessBase"]
[SourceDate "2016.02.25"]
[SourceVersion "1"]
[SourceVersionDate "2016.02.25"]
[SourceQuality "1"]
[WhiteTeam "Kwizda Sakkiskola"]
[BlackTeam "Kazincbarcika"]
[WhiteTeamCountry "HUN"]
[BlackTeamCountry "HUN"]

1. d4 Nf6 2. c4 g6 3. Nc3 Bg7 4. e4 d6 5. h3 0-0 6. Bg5 c5 7. d5 e6 8. Bd3 exd5 9. cxd5 Re8 10. Nf3 c4 11. Bc2 b5 12. a3 Nbd7 13. 0-0 Qb6 14. Be3 Nc5 15. Bd4 Nfd7 16. Re1 a5 17. Bxg7 Kxg7 18. Qd4+ f6 19. Re3 Ne5 20. Nxe5 fxe5 21. Qd2 Bd7 22. Ne2 Rf8 23. Rf1 b4 24. Kh2 bxa3 25. bxa3 Nb3 26. Bxb3 cxb3 27. f4 b2 28. Rb1 Rab8 29. fxe5 dxe5 30. Ng3 Qc5 31. Rc3 Rf2 32. Rxc5 Rxd2 33. Rc7 Kh6 34. Nf1 Rf2 35. Rxd7 Rxf1 36. Rxf1 b1Q 37. Rxb1 Rxb1 38. Re7 1-0

[Event "HUN-chT2 Barcza 1516"]
[Site "Hungary"]
[Date "2015.10.04"]
[Round "2.1"]
[White "Hando, Vilmos"]
[Black "Eberth, Zoltan"]
[Result "1-0"]
[WhiteElo "2298"]
[BlackElo "2128"]
[PlyCount "59"]
[EventDate "2015.09.13"]
[EventType "team-tourn"]
[EventRounds "11"]
[EventCountry "HUN"]
[SourceTitle "CBM 170 Extra"]
[Source "ChessBase"]
[SourceDate "2016.02.25"]
[SourceVersion "1"]
[SourceVersionDate "2016.02.25"]
[SourceQuality "1"]
[WhiteTeam "Kazincbarcika"]
[BlackTeam "Mezokovesd"]
[WhiteTeamCountry "HUN"]
[BlackTeamCountry "HUN"]

1. d4 d5 2. Nf3 e6 3. c4 c6 4. e3 f5 5. Be2 Nf6 6. 0-0 Bd6 7. b3 Ne4 8. Ba3 Bc7 9. Qc2 Qf6 10. Nc3 Nxc3 11. Qxc3 g5 12. Ne5 g4 13. f4 a5 14. b4 0-0 15. b5 Re8 16. Rab1 Bxe5 17. fxe5 Qh6 18. Rf4 Qg6 19. Bd6 Bd7 20. Qe1 cxb5 21. cxb5 h5 22. Qh4 Rc8 23. Bd3 Kg7 24. h3 Rc3 25. Rd1 Rc8 26. Kf2 a4 27. hxg4 hxg4 28. Rh1 g3+ 29. Ke2 Re8 30. Rf3 1-0

[Event "Budapest Duna op"]
[Site "Budapest"]
[Date "2015.09.26"]
[Round "4"]
[White "Hando, Vilmos"]
[Black "Gara, Anita"]
[Result "1-0"]
[WhiteElo "2332"]
[BlackElo "2307"]
[PlyCount "83"]
[EventDate "2015.09.23"]
[EventType "swiss"]
[EventRounds "9"]
[EventCountry "HUN"]
[SourceTitle "CBM 168 Extra"]
[Source "ChessBase"]
[SourceDate "2015.10.29"]
[SourceVersion "1"]
[SourceVersionDate "2015.10.29"]
[SourceQuality "1"]

1. c4 f5 2. Nf3 Nf6 3. g3 g6 4. Bg2 Bg7 5. 0-0 d6 6. Nc3 0-0 7. d3 c5 8. a3 Nc6 9. Rb1 a5 10. Ne1 e5 11. Nc2 f4 12. gxf4 Nh5 13. fxe5 Bxe5 14. e3 Bxh2+ 15. Kxh2 Qh4+ 16. Kg1 Bg4 17. f3 Ne5 18. Qe1 Ng3 19. Ne4 Nxf3+ 20. Rxf3 Rxf3 21. Bxf3 Bxf3 22. Nxg3 h5 23. e4 Rf8 24. Ne3 Qh3 25. Qf2 h4 26. Qh2 Qxh2+ 27. Kxh2 hxg3+ 28. Kxg3 Be2 29. Bd2 Bxd3 30. Re1 a4 31. Bc3 Bxe4 32. Ng4 Rf3+ 33. Kh4 Bf5 34. Nh6+ Kf8 35. Nxf5 Rxf5 36. Re6 Rf4+ 37. Kg5 Rxc4 38. Kxg6 Rg4+ 39. Kf5 Rg3 40. Rxd6 b5 41. Ke6 Ke8 42. Rc6 1-0

[Event "Budapest Duna op"]
[Site "Budapest"]
[Date "2015.09.24"]
[Round "2"]
[White "Hando, Vilmos"]
[Black "Polyik, Peter"]
[Result "1/2-1/2"]
[WhiteElo "2332"]
[BlackElo "2178"]
[PlyCount "77"]
[EventDate "2015.09.23"]
[EventType "swiss"]
[EventRounds "9"]
[EventCountry "HUN"]
[SourceTitle "CBM 168 Extra"]
[Source "ChessBase"]
[SourceDate "2015.10.29"]
[SourceVersion "1"]
[SourceVersionDate "2015.10.29"]
[SourceQuality "1"]

1. d4 d5 2. c4 e6 3. Nf3 Nf6 4. Nc3 c6 5. e3 Nbd7 6. b3 Bb4 7. Bd2 0-0 8. Bd3 Bd6 9. 0-0 Qe7 10. Rc1 e5 11. dxe5 Nxe5 12. Nxe5 Qxe5 13. f4 Qe7 14. cxd5 cxd5 15. Qf3 Bc5 16. Nxd5 Nxd5 17. Qxd5 Rd8 18. Qxc5 Qxc5 19. Rxc5 Rxd3 20. Rf2 Bd7 21. Rc3 Rxc3 22. Bxc3 Bc6 23. Rd2 f5 24. h3 Re8 25. Kf2 Kf7 26. g4 g6 27. Be5 a6 28. Kg3 Re7 29. Kh4 Rd7 30. Bd4 Rd6 31. Kg5 Be4 32. Rd1 Rd5 33. Kh4 fxg4 34. hxg4 h5 35. Rc1 hxg4 36. Kxg4 Rh5 37. Kg3 Bc6 38. Be5 Rh1 39. Rxh1 1/2-1/2

[Event "HUN-chT2 Barcza 1415"]
[Site "Hungary"]
[Date "2015.02.08"]
[Round "?"]
[White "Hajbok, Robert"]
[Black "Hando, Vilmos"]
[Result "1/2-1/2"]
[WhiteElo "2337"]
[BlackElo "2339"]
[PlyCount "42"]
[EventDate "2014.09.07"]
[EventType "team-tourn"]
[EventRounds "11"]
[EventCountry "HUN"]
[SourceTitle "EXT 2016"]
[Source "ChessBase"]
[SourceDate "2015.10.08"]
[SourceVersion "1"]
[SourceVersionDate "2015.10.08"]
[SourceQuality "1"]
[WhiteTeam "Nyiregyhaza"]
[BlackTeam "Kazincbarcika"]
[WhiteTeamCountry "HUN"]
[BlackTeamCountry "HUN"]

1. e4 d5 2. exd5 Qxd5 3. Nc3 Qd8 4. d4 Nf6 5. Bc4 c6 6. Nf3 Bf5 7. Ne5 e6 8. g4 Bg6 9. h4 Nbd7 10. Nxg6 hxg6 11. g5 Nh5 12. Be3 Nb6 13. Bb3 Nd5 14. Ne4 Bd6 15. Qf3 a5 16. a3 0-0 17. Bd2 Bf4 18. Bxf4 Ndxf4 19. 0-0-0 a4 20. Ba2 Qc7 21. Rhe1 Rfd8 1/2-1/2

[Event "HUN-chT2 Barcza 1415"]
[Site "Hungary"]
[Date "2014.10.12"]
[Round "?"]
[White "Ligart, Tamas"]
[Black "Hando, Vilmos"]
[Result "0-1"]
[WhiteElo "2205"]
[BlackElo "2339"]
[PlyCount "82"]
[EventDate "2014.09.07"]
[EventType "team-tourn"]
[EventRounds "11"]
[EventCountry "HUN"]
[SourceTitle "EXT 2016"]
[Source "ChessBase"]
[SourceDate "2015.10.08"]
[SourceVersion "1"]
[SourceVersionDate "2015.10.08"]
[SourceQuality "1"]
[WhiteTeam "Edeleny"]
[BlackTeam "Kazincbarcika"]
[WhiteTeamCountry "HUN"]
[BlackTeamCountry "HUN"]

1. e4 c5 2. Nf3 e6 3. b3 Nc6 4. Bb2 d6 5. d4 cxd4 6. Nxd4 a6 7. Bd3 Nf6 8. 0-0 Be7 9. c4 0-0 10. Kh1 Nd7 11. Nxc6 bxc6 12. Nc3 a5 13. f4 Nc5 14. Bc2 Rb8 15. Qh5 a4 16. Ba3 axb3 17. axb3 g6 18. Qd1 Na6 19. Qd2 Bb7 20. f5 c5 21. Nb5 d5 22. cxd5 exd5 23. e5 Bg5 24. Qf2 d4 25. Nd6 Bd5 26. Nc4 Bh4 27. Qf4 Bg5 28. Qg3 Bh6 29. e6 fxe6 30. fxg6 Qg5 31. gxh7+ Kg7 32. Qxg5+ Bxg5 33. Rxf8 Rxf8 34. Kg1 e5 35. Rf1 Rxf1+ 36. Kxf1 e4 37. Bb2 Kxh7 38. Nd6 d3 39. Bd1 e3 40. Bf3 Bxf3 41. gxf3 e2+ 0-1

[Event "Budapest-chT1 Lilienthal 1314"]
[Site "Budapest"]
[Date "2014.03.09"]
[Round "9"]
[White "Hando, Vilmos"]
[Black "Koczo, Kristof"]
[Result "1/2-1/2"]
[WhiteElo "2344"]
[BlackElo "2265"]
[PlyCount "128"]
[EventDate "2013.09.29"]
[EventType "team-tourn"]
[EventRounds "11"]
[EventCountry "HUN"]
[SourceTitle "EXT 2021"]
[Source "ChessBase"]
[SourceDate "2020.10.23"]
[SourceVersion "1"]
[SourceVersionDate "2020.10.23"]
[SourceQuality "1"]
[WhiteTeam "SENSE"]
[BlackTeam "REAC SISE"]
[WhiteTeamCountry "HUN"]
[BlackTeamCountry "HUN"]

1. d4 d5 2. Nf3 Nf6 3. c4 c6 4. Nc3 dxc4 5. a4 Bf5 6. Ne5 Nbd7 7. Nxc4 Nd5 8. e3 e6 9. Be2 Bb4 10. Bd2 N7f6 11. 0-0 a5 12. Ne5 Nd7 13. Nd3 Bd6 14. Re1 0-0 15. Bf1 Nb4 16. e4 Nxd3 17. Bxd3 Bg6 18. Be3 e5 19. dxe5 Nxe5 20. Be2 Qe7 21. Qb3 Bb4 22. f4 Nd7 23. Bf3 Nc5 24. Qc4 Qe6 25. Qxe6 fxe6 26. Re2 Nd3 27. Na2 Nxf4 28. Bxf4 Rxf4 29. Nxb4 axb4 30. Rd2 e5 31. Rd7 Rf7 32. Rad1 Rxd7 33. Rxd7 Rxa4 34. Rxb7 h6 35. Kf2 c5 36. Bd1 Ra1 37. Bb3+ Kh7 38. Bd5 Rb1 39. b3 Bh5 40. Re7 Rb2+ 41. Kg1 Bd1 42. Rxe5 Bxb3 43. Bxb3 Rxb3 44. Rxc5 Rc3 45. Rb5 b3 46. Kf2 Kg6 47. Rf5 Rc2+ 48. Kf3 b2 49. Rb5 Kf6 50. h4 g6 51. g3 Ke6 52. Kf4 Kd6 53. g4 g5+ 54. hxg5 hxg5+ 55. Ke3 Kc6 56. Rb8 Kc5 57. Kd3 Rg2 58. e5 Kd5 59. Rb5+ Ke6 60. Ke3 Kd7 61. Kf3 Rc2 62. Ke4 Rf2 63. Kd5 Rd2+ 64. Ke4 Rf2 1/2-1/2

[Event "HUN-chT2 Barcza 1314"]
[Site "Hungary"]
[Date "2013.10.20"]
[Round "3"]
[White "Hando, Vilmos"]
[Black "Meszaros, Andras"]
[Result "0-1"]
[WhiteElo "2344"]
[BlackElo "2273"]
[PlyCount "93"]
[EventDate "2013.09.08"]
[EventType "team-tourn"]
[EventRounds "11"]
[EventCountry "HUN"]
[SourceTitle "EXT 2016"]
[Source "ChessBase"]
[SourceDate "2015.10.08"]
[SourceVersion "1"]
[SourceVersionDate "2015.10.08"]
[SourceQuality "1"]
[WhiteTeam "Kazincbarcika"]
[BlackTeam "Nadudvar"]
[WhiteTeamCountry "HUN"]
[BlackTeamCountry "HUN"]

1. Nf3 c5 2. c4 e6 3. g3 d5 4. Bg2 Nf6 5. 0-0 Nc6 6. b3 Be7 7. Bb2 d4 8. d3 0-0 9. e4 e5 10. Nbd2 Ne8 11. Kh1 Nd6 12. Qe2 Bg4 13. h3 Be6 14. Ng1 Qd7 15. f4 exf4 16. gxf4 f5 17. e5 Nf7 18. Ndf3 a6 19. h4 h6 20. Qf2 b5 21. Ne2 Rab8 22. Ba3 bxc4 23. dxc4 a5 24. Nd2 Nb4 25. Bxb4 Rxb4 26. Nc1 Rb6 27. h5 Nh8 28. Bf3 d3 29. a4 g5 30. hxg6 Nxg6 31. Bh5 Bf7 32. Qe3 Nxe5 33. Bxf7+ Nxf7 34. Nxd3 Bf6 35. Rad1 Bd4 36. Qh3 Kh7 37. Nf3 Rxb3 38. Nxc5 Rxf3 39. Qxf3 Qe7 40. Qh5 Qxc5 41. Rfe1 Qc6+ 42. Kh2 Qf6 43. Re2 Rg8 44. Rxd4 Qxd4 45. Qxf7+ Kh8 46. Kh3 Qd3+ 47. Kh4 0-1

[Event "HUN-chT2 Barcza 1314"]
[Site "Hungary"]
[Date "2013.09.22"]
[Round "2"]
[White "Tiba, Vladyslav"]
[Black "Hando, Vilmos"]
[Result "1/2-1/2"]
[WhiteElo "2264"]
[BlackElo "2344"]
[PlyCount "56"]
[EventDate "2013.09.08"]
[EventType "team-tourn"]
[EventRounds "11"]
[EventCountry "HUN"]
[SourceTitle "EXT 2016"]
[Source "ChessBase"]
[SourceDate "2015.10.08"]
[SourceVersion "1"]
[SourceVersionDate "2015.10.08"]
[SourceQuality "1"]
[WhiteTeam "Nyiregyhaza SISE"]
[BlackTeam "Kazincbarcika"]
[WhiteTeamCountry "HUN"]
[BlackTeamCountry "HUN"]

1. e4 c5 2. b3 d6 3. Bb2 Nf6 4. Nc3 Nc6 5. Bb5 Bd7 6. f4 a6 7. Bxc6 Bxc6 8. d3 d5 9. exd5 Nxd5 10. Nxd5 Qxd5 11. Nf3 Qe6+ 12. Kf2 Qg4 13. Rf1 e6 14. Kg1 Bd6 15. Qe1 0-0-0 16. Be5 Bxe5 17. Qxe5 Rd5 18. Qe3 Rf5 19. g3 Bxf3 20. Qxf3 Qxf3 21. Rxf3 Rd8 22. Re1 Kc7 23. Rfe3 Rfd5 24. Re5 Kc6 25. Kf2 b5 26. Kf3 Rxe5 27. Rxe5 b4 28. Re4 a5 1/2-1/2

[Event "HUN-chT2 Maroczy 1112"]
[Site "Hungary"]
[Date "2012.03.11"]
[Round "7"]
[White "Hando, Vilmos"]
[Black "Seres, Bela"]
[Result "1-0"]
[WhiteElo "2318"]
[BlackElo "2239"]
[PlyCount "57"]
[EventDate "2011.09.25"]
[EventType "team-tourn"]
[EventRounds "11"]
[EventCountry "HUN"]
[SourceTitle "EXT 2013"]
[Source "ChessBase"]
[SourceDate "2012.11.22"]
[SourceVersion "1"]
[SourceVersionDate "2012.11.22"]
[SourceQuality "1"]
[WhiteTeam "Kazincbarcika"]
[BlackTeam "Lila Futo"]
[WhiteTeamCountry "HUN"]
[BlackTeamCountry "HUN"]

1. d4 Nf6 2. Bg5 b6 3. Bxf6 exf6 4. Nd2 f5 5. Ngf3 Be7 6. g3 0-0 7. Bg2 Bb7 8. 0-0 d6 9. Nh4 Bxg2 10. Nxg2 Nd7 11. e3 Re8 12. Qf3 g6 13. Nf4 Bg5 14. Nd5 Nf6 15. Nxf6+ Bxf6 16. Qc6 Re7 17. b4 Qe8 18. b5 Rd8 19. Qd5 a5 20. c4 Qd7 21. Nb1 Rc8 22. Qc6 Qe6 23. Nc3 Ree8 24. Nd5 Kg7 25. Nxc7 Qe7 26. Nxe8+ Rxe8 27. Qxb6 Qe6 28. Qc6 Rc8 29. Qd5 1-0